000 01009cam a2200289 4500
001 J3863
008 090401t1996 xxu||||| |||| 00| 0 eng d
035 _a(Sirsi) u57165
041 _aeng
050 _a692.8
090 _aJCT 1996/5A
110 _aJoint Contracts Tribunal
_93664
245 _aStandard Form of Building Contract with Contractor`s Design 1981 edition ... Amendment 10 and guidance note issued July 1996: insurance and indemnity provisions effect of final account and final statement - existing arbitration.
260 _aLondon
_bRIBA Publications
_c1996
300 _a8p. ; 30cm.
350 _a0.6
650 _aAMENDMENT 10
650 _aBUILT ENVIRONMENT-BUILDING CONTRACT FORMS
650 _aCONTRACTORS DESIGN
650 _aFINAL ACCOUNT
650 _aFINAL STATEMENT
650 _aINSURANCE PROVISIONS
650 _aJCT STANDARD FORM OF CONTRACT WITH CONTRACTORS DESIGN
690 _aBUILT ENVIRONMENT-BUILDING CONTRACT FORMS
942 _n0
948 _c04/03/1997
999 _c93902
_d93902